| 000 | 00433nam a22001697a 4500 | ||
|---|---|---|---|
| 999 |
_c12896 _d12896 |
||
| 008 | 211223b ||||| |||| 00| 0 eng d | ||
| 020 |
_a81-85469-31-8 _cRs.60.00 |
||
| 041 | 0 | _ahin | |
| 100 |
_93625 _aPrakash, Uday |
||
| 245 | 1 | 0 |
_aAur ant men prarthana / _c Uday Prakash |
| 250 | _a1st ed. | ||
| 260 |
_aHaryana : _bAdhaar Prakashan, _c1994. |
||
| 300 | _a174 p. | ||
| 365 | _bINR 60.00 | ||
| 650 | 0 | _aHindi fiction | |
| 942 | _cBK | ||